000 01226nam a22002897a 4500
005 2010101908158.0
008 101019t xxu||||| |||| 00| 0 hin d
010 _aHIN-95324
020 _c450.00
_a9781259003479
035 _aHN-67670
037 _bDBAD / PUB
040 _aDPL
_bHN
082 _a000
100 _923632
_aगर्ग,राजीव
245 _aसामान्य ज्ञान संग्रह-2012:
_cराजीव गर्ग
_bप्रतियोगिता परीक्षाओं के लिए /
260 _aनई दिल्ली
_bटाटा मेग्राहिल्स
_c2012
270 _bनई दिल्ली
_a7,वेस्ट पटेल नगर,
_e110008
300 1 _aवि.पृ.
_c24सेमी (अजिल्द)
490 _aTata Mcgraw-Hill's WE series
_954761
650 _9657
650 _934273
700 _939143
710 _934811
_aतिवारी, सच्चिदानन्द
710 _935049
942 _2ddc
_cHN
_mगर्गरा
_h000
999 _c61695
_d61695